An energy aware user‐centric cooperative mode switching scheme for 5G networks; Internet Technology Letters; Vol. 1, iss. 6

Dades bibliogràfiques
Parent link:Internet Technology Letters
Vol. 1, iss. 6.— 2018.— [6 p.]
Autor principal: Sanjay K. B. Kumar Biswash
Autor corporatiu: Национальный исследовательский Томский политехнический университет Инженерная школа информационных технологий и робототехники
Altres autors: Dzhayakodi Arachshiladzh D. N. K. Dushanta Nalin Kumara
Sumari:Title screen
In this paper, we propose an user‐centric energy efficient relay‐based cellular mode switching scheme for fifth generation cellular networks. It is a feasible approach to tackle the increased network demands of wireless industry, while improving the quality of experience (QoE). We also introduce a dynamic relay management algorithm, where the network will guarantee the preset QoE measurement parameters. If the source and target mobile nodes are within the proximity area, then the system switches to device‐centric mode. In order to improve the network performance, the system may select relay nodes (RNs). If the performance metrics are less than the threshold value, then the network adds additional RN(s) where necessary. The proposed work offers less signaling overhead as compared to modern cellular state‐of‐art networks such as 4G/LTE. This is a key component related to energy efficient cellular networks. The numerical analysis demonstrates the performance improvement in terms of energy consumption with a high degree of movement probability
Режим доступа: по договору с организацией-держателем ресурса
Idioma:anglès
Publicat: 2018
Matèries:
Accés en línia:https://doi.org/10.1002/itl2.55
Format: MixedMaterials Electrònic Capítol de llibre
KOHA link:https://koha.lib.tpu.ru/cgi-bin/koha/opac-detail.pl?biblionumber=661350

MARC

LEADER 00000naa0a2200000 4500
001 661350
005 20250415133515.0
035 |a (RuTPU)RU\TPU\network\31693 
035 |a RU\TPU\network\27250 
090 |a 661350 
100 |a 20191203d2018 k||y0rusy50 ba 
101 0 |a eng 
102 |a US 
135 |a drcn ---uucaa 
181 0 |a i  
182 0 |a b 
200 1 |a An energy aware user‐centric cooperative mode switching scheme for 5G networks  |f K. B. Sanjay, D. N. K. Dzhayakodi Arachshiladzh 
203 |a Text  |c electronic 
300 |a Title screen 
320 |a [References: 13 tit.] 
330 |a In this paper, we propose an user‐centric energy efficient relay‐based cellular mode switching scheme for fifth generation cellular networks. It is a feasible approach to tackle the increased network demands of wireless industry, while improving the quality of experience (QoE). We also introduce a dynamic relay management algorithm, where the network will guarantee the preset QoE measurement parameters. If the source and target mobile nodes are within the proximity area, then the system switches to device‐centric mode. In order to improve the network performance, the system may select relay nodes (RNs). If the performance metrics are less than the threshold value, then the network adds additional RN(s) where necessary. The proposed work offers less signaling overhead as compared to modern cellular state‐of‐art networks such as 4G/LTE. This is a key component related to energy efficient cellular networks. The numerical analysis demonstrates the performance improvement in terms of energy consumption with a high degree of movement probability 
333 |a Режим доступа: по договору с организацией-держателем ресурса 
461 |t Internet Technology Letters 
463 |t Vol. 1, iss. 6  |v [6 p.]  |d 2018 
610 1 |a электронный ресурс 
610 1 |a труды учёных ТПУ 
610 1 |a 5G networks 
610 1 |a cooperative communication 
610 1 |a energy efficient and user movementprobability 
610 1 |a mode switching 
610 1 |a relay management 
610 1 |a 5G 
610 1 |a сети 
610 1 |a кооперативные общества 
610 1 |a энергоэффективность 
610 1 |a режимы 
610 1 |a реле 
700 1 |a Sanjay  |b K. B.  |g Kumar Biswash 
701 1 |a Dzhayakodi Arachshiladzh  |b D. N. K.  |c specialist in the field of electronics  |c Professor of Tomsk Polytechnic University  |f 1983-  |g Dushanta Nalin Kumara  |3 (RuTPU)RU\TPU\pers\37962 
712 0 2 |a Национальный исследовательский Томский политехнический университет  |b Инженерная школа информационных технологий и робототехники  |c (2017- )  |3 (RuTPU)RU\TPU\col\23514 
801 2 |a RU  |b 63413507  |c 20191203  |g RCR 
850 |a 63413507 
856 4 |u https://doi.org/10.1002/itl2.55 
942 |c CF